000 00292 a2200121 4500
001 89961
082 _a891.4391 SAG
090 _c42422
_d42422
100 _aSaghir Siddiqui
245 _aKuliat e Saghir Siddiqui
_hUrdu
260 _aLahore
_bAlhamd Publications
_c1999
300 _a421p.
942 _aCAE NUST
_k891.4391 SAG
999 _c325034
_d325034